000 00442cam a2200169u 4500
003 OSt
005 20260511144315.0
008 821227s1961 nyua 000 0 eng
020 _a07195
040 _cIRDP
082 _a320.533 VIE
100 1 _aViereck, Peter.
245 1 0 _aMetapolitics:
_bthe roots of the Nazi mind
260 _aNew York;
_bCapricorn Books,
_c1961.
300 _axxvii, 364, xxiv p.
_billus.
_c19 cm.
942 _2ddc
_cBOOKS
999 _c9735
_d9735